000
00340 a2200157 4500
001
46494
020
_a
9788562500053
040
_c
Anchieta - Aquarius
100
_a
Arrou-Vignod, Jean-Philippe
240
1
0
_a
Rita e treco
_l
por
245
1
0
_a
Rita e treco
300
_a
362
0
_a
2006
650
4
_a
Literatura infantil
942
_c
BK
999
_c
46494
_d
46494